<?xml version="1.0" encoding="UTF-8"?>
<collection xmlns:xsi="http://www.w3.org/2001/XMLSchema-instance" xsi:schemaLocation="http://www.loc.gov/MARC21/slim http://www.loc.gov/standards/marcxml/schema/MARC21slim.xsd" xmlns="http://www.loc.gov/MARC21/slim">
 <record>
  <leader>00000cam a22000003i 4500</leader>
  <controlfield tag="001">UP-1685594773861876860</controlfield>
  <controlfield tag="003">Buklod</controlfield>
  <controlfield tag="005">20120623125022.0</controlfield>
  <controlfield tag="006">g||| |     ||   ||</controlfield>
  <controlfield tag="007">ta</controlfield>
  <controlfield tag="008">160419s2011    enk     rb   |||1 u|eng d</controlfield>
  <datafield tag="020" ind1=" " ind2=" ">
   <subfield code="a">9780415568593 (set : alk. paper)</subfield>
  </datafield>
  <datafield tag="020" ind1=" " ind2=" ">
   <subfield code="a">9780415568609 (vol 1 : alk. paper)</subfield>
  </datafield>
  <datafield tag="020" ind1=" " ind2=" ">
   <subfield code="a">9780415568616 (vol 2 : alk. paper)</subfield>
  </datafield>
  <datafield tag="020" ind1=" " ind2=" ">
   <subfield code="a">9780415568623 (vol 3 : alk. paper)</subfield>
  </datafield>
  <datafield tag="020" ind1=" " ind2=" ">
   <subfield code="a">9780415568630 (vol 4 : alk. paper)</subfield>
  </datafield>
  <datafield tag="035" ind1=" " ind2=" ">
   <subfield code="a">(iLib)UPBAG-00009386978</subfield>
  </datafield>
  <datafield tag="037" ind1=" " ind2=" ">
   <subfield code="c">Php74,591.10 (set)</subfield>
  </datafield>
  <datafield tag="040" ind1=" " ind2=" ">
   <subfield code="a">DLC</subfield>
   <subfield code="d">BAG</subfield>
   <subfield code="e">rda</subfield>
  </datafield>
  <datafield tag="041" ind1="0" ind2=" ">
   <subfield code="a">eng</subfield>
  </datafield>
  <datafield tag="090" ind1=" " ind2="0">
   <subfield code="a">BF 39.9</subfield>
   <subfield code="b">C74 2011</subfield>
  </datafield>
  <datafield tag="245" ind1="0" ind2="0">
   <subfield code="a">Critical psychology</subfield>
   <subfield code="b">critical concepts in psychology</subfield>
   <subfield code="c">edited by Ian Parker.</subfield>
  </datafield>
  <datafield tag="264" ind1=" " ind2="1">
   <subfield code="a">Abingdon, Oxon, [England]</subfield>
   <subfield code="b">Routledge</subfield>
   <subfield code="c">2011.</subfield>
  </datafield>
  <datafield tag="300" ind1=" " ind2=" ">
   <subfield code="a">4 volumes</subfield>
   <subfield code="b">illustrations</subfield>
   <subfield code="c">24 cm</subfield>
  </datafield>
  <datafield tag="490" ind1="0" ind2=" ">
   <subfield code="a">Critical concepts in psychology</subfield>
  </datafield>
  <datafield tag="504" ind1=" " ind2=" ">
   <subfield code="a">Includes bibliographical references and index.</subfield>
  </datafield>
  <datafield tag="505" ind1="0" ind2=" ">
   <subfield code="a">v.1. Dominant models of psychology and their limits -- Part I. Anticipations -- 1. Critical psychology: what it is and what is not /Ian Parker -- 2. &quot;If it's natural, we can't change it&quot; /Elena Lieven -- 3. Testing for order and control in the corporate liberal state /Clarence J. Karier -- 4. Hawthorne, the myth of the docile worker, and class bias in psychology /Dana Bramel and Ronald Friend -- 5. Social psychology as history /Kenneth J. Gergen -- 6. the methodological imperative in psychology /Kurt Danziger -- Part II. Exemplications -- 7. Psychology contracts the female: or, the fantasy life of the male psychologist (with some attention to the fantasies of his friends, the male biologist and the male anthropologist)/Maomi Weisstein -- 8. The masculine authority of the cognitive /John B. Broughton -- 9 Metaphors into hardware: Harry Harlow and the technology of love /Donna Haraway  -- 10 Psychology and socio-political realty: apartheid psychology and its links with trends in humanistic psychology and behavior theory /Peter Lambey -- 11. The racism of Jung /Farhad Dalal --12. Cognitive psychology, 'Taylorism' and the manufacture of unemployment /John Shotter 13. Does dyslexia exist?/Julian G. Elliott and Simon Gibbs --14. Theory and therapy II: Laing and Cooper /R. Jacoby -- 15. Erik Erikson's psychohistory /Joel Kovel --16 Deconstructing the alembic myth /R. Staiton Rogers and W. Staiton Rogers -- Part III. Conceptualizations -- 17. Professionals as socializers: the &quot;psy complex&quot; /David Ingleby -- 18 Totalitarianism and individualism in psychology /Carl Ratner -- 19. Of rats psychologists: a study of te history and meaning of science /Frederick J. Wertz -- 20. Time, representation and power/knowledge: towards a critique of cognitive science as a knowledge-producing practice /John M. Bowers -- 21. A link between the social and natural sciences: the case of scientific psychology /Claude M. J. Braun and Jacinthe M.C. Baribau -- 22. What is psychology / George Canguilem --  v.2. Contradictions in psychology and elements of resistance -- v.3. Psychologisation and psychological culture -- v.4. Alternatives and visions for change.</subfield>
  </datafield>
  <datafield tag="650" ind1=" " ind2="0">
   <subfield code="a">Critical psychology.</subfield>
  </datafield>
  <datafield tag="700" ind1="1" ind2=" ">
   <subfield code="a">Parker, Ian</subfield>
   <subfield code="d">1956-</subfield>
   <subfield code="e">editor.</subfield>
  </datafield>
  <datafield tag="905" ind1=" " ind2=" ">
   <subfield code="a">FO</subfield>
  </datafield>
  <datafield tag="852" ind1="0" ind2=" ">
   <subfield code="a">UPBAG</subfield>
   <subfield code="b">UPBAG-MAIN</subfield>
   <subfield code="h">BF 39.9 C74 2011</subfield>
  </datafield>
  <datafield tag="942" ind1=" " ind2=" ">
   <subfield code="a">Book</subfield>
  </datafield>
 </record>
</collection>
